|
|
|
|
| LEADER |
01025nam a2200265 a 4500 |
| 001 |
16871946 |
| 008 |
120522s2012 caua b 001 0 eng d |
| 010 |
|
|
|a 2011029080
|
| 020 |
|
|
|a 9781412992336 (pbk. : alk. paper)
|
| 040 |
|
|
|a DLC
|c DLC
|c BD-DhAAL
|
| 082 |
0 |
0 |
|a 301
|2 23
|
| 100 |
1 |
|
|a Appelrouth, Scott,
|d 1965-
|
| 245 |
1 |
0 |
|a Classical and contemporary sociological theory :
|b text and readings /
|c Scott A. Appelrouth, Laura Desfor Edles.
|
| 250 |
|
|
|a 2nd ed.
|
| 260 |
|
|
|a Thousand Oaks :
|b Pine Forge Press ;
|a Los Angeles :
|b SAGE
|c c2012.
|
| 300 |
|
|
|a xxiv, 862 p. :
|b ill. ;
|c 26 cm.
|
| 504 |
|
|
|a Includes bibliographical references and index.
|
| 541 |
1 |
|
|e 00025246
|
| 650 |
|
0 |
|a Sociology.
|
| 650 |
|
0 |
|a Sociology
|x History.
|
| 700 |
1 |
|
|a Edles, Laura Desfor.
|
| 852 |
1 |
|
|a Ayesha Abed Library
|j General shelf
|
| 942 |
0 |
0 |
|0 1
|
| 999 |
|
|
|c 12201
|d 12201
|
| 952 |
|
|
|0 0
|1 0
|4 0
|6 301_APP
|7 0
|9 20244
|a BRACUL
|b BRACUL
|c GEN
|d 2012-05-22
|e Karim International
|g 5862.00
|l 12
|m 100
|o 301 APP
|p 3010025246
|r 2026-05-21
|s 2026-02-17
|t 1
|w 2012-05-22
|y BK
|